Podpora preferovaných odvetví nie je v podmienkach SR najúčinnejšou cestou ekonomického rastu

Výsledkom úsilia hospodárskej politiky SR by mala byť reštrukturalizácia priemyslu a rozvoj služieb. Stratégia oživenia a hospodárskeho rastu. Úsilie zvyšovať exportnú angažovanosť. Význam a faktory konkurenčnej výkonnosti krajiny. Faktory ovplyvňujúce produktivitu. Technický rozvoj.

Salvato in:
Dettagli Bibliografici
Autore principale: Baláž, Peter
Natura: Capitolo di libro
Lingua:slovacco
Soggetti:
Tags: Aggiungi Tag
Nessun Tag, puoi essere il primo ad aggiungerne!!

MARC

LEADER 00000naa a2200000 4500
001 r022598
005 20230921075340.1
041 0 |a slo 
044 |a SK 
245 1 0 |a Podpora preferovaných odvetví nie je v podmienkach SR najúčinnejšou cestou ekonomického rastu  |c P. Baláž 
520 |a Výsledkom úsilia hospodárskej politiky SR by mala byť reštrukturalizácia priemyslu a rozvoj služieb. Stratégia oživenia a hospodárskeho rastu. Úsilie zvyšovať exportnú angažovanosť. Význam a faktory konkurenčnej výkonnosti krajiny. Faktory ovplyvňujúce produktivitu. Technický rozvoj. 
610 2 0 |a Slovensko 
610 2 0 |a politika hospodárska 
610 2 0 |a oživenie 
610 2 0 |a vývoz 
610 2 0 |a konkurencieschopnosť 
610 2 0 |a rast hospodársky 
100 1 |a Baláž, Peter